| 000 | 02390cam a22005054i 4500 | ||
|---|---|---|---|
| 003 | PE-LiUPU | ||
| 005 | 20250731173259.0 | ||
| 008 | 150625s1995 ag a r 000 0 spa d | ||
| 035 | _a(Sirsi) a35974 | ||
| 040 |
_aPE-LiUPU _bspa _cPE-LiUPU _erda |
||
| 049 | _aPRUA | ||
| 082 | 0 | 4 |
_a267.602 _bI35P _221 |
| 082 | 0 | 4 |
_a267.602 _bI35 |
| 110 | 2 | _aIASD. Unión Peruana Ministerio Joven Unión. | |
| 245 | 1 | 0 |
_aPlan de estudios para guía mayores : _bmaterial para la realización de clase de liderazgo / _cMinisterio Joven Unión Peruana. |
| 264 | 1 |
_aDepartamento de conquistadores de la División Norteamericana : _bPathfinder Ministries, _c1995. |
|
| 300 |
_a183 páginas : _bilustraciones ; _c29 centímetros. |
||
| 336 |
_atext _2rdacontent |
||
| 337 |
_aunmediated _2rdamedia |
||
| 338 |
_avolume _2rdacarrier |
||
| 505 | 0 | _aRequisitos para guía mayor -- Crecimiento Espiritual -- Desarrollo de destrezas -- Desarrollo del niño -- Desarrollo del loderazgo -- Desarrollo de estilo de vida saludable -- Requisitos para certificación del programa de liderázgo de los conquistadores -- Requisitos para certificación de instructor de conquistadores. | |
| 526 | _aSEG42 | ||
| 526 | _aSEG41 | ||
| 526 | _aSEG40 | ||
| 526 | _aSEG39 | ||
| 526 | _aP94 | ||
| 526 | _aP87 | ||
| 526 | _aP86 | ||
| 526 | _aP85 | ||
| 526 | _aP77 | ||
| 526 | _aP76 | ||
| 526 | _aP35 | ||
| 610 | 2 |
_aClub de Guías mayores _vPlan de estudio. |
|
| 910 |
_baj _csm _d20050419 |
||
| 910 |
_btqv _cwelc _d20161103 |
||
| 942 |
_2ddc _cBOOK |
||
| 949 |
_a267.602 I35P _wDEWEY _c1 _i53915 _lCCODEBUL1 _mBUL _p9.00 _r0 _sY _tBOOK _u2015-06-25 _xBIBLIOTECA _zUNKNOWN _0COMPRA _o.STAFF. Colección General |
||
| 949 |
_a267.602 I35 1995 _wDEWEY _c1 _iFJ03730 _lCCODEBUJ1 _mBUJ _p5.00 _r0 _sY _tBOOK _u2016-11-03 _xBIBLIOTECA _zUNKNOWN _0COMPRA _o.STAFF. Colección General Juliaca |
||
| 994 |
_aC0 _bPEPRU |
||
| 596 | _a1 3 | ||
| 999 |
_a267.602 I35P _wDEWEY _c43995 _i53915 _d43995 _e2018-10-12 _f2021-11-10 _g5 _lCCODEBUL1 _mBUL _n3 _p9.00 _q5 _r0 _sY _tBOOK _u2015-6-25 _xTEOLOGIA _PP35 _0COMPRA _o.STAFF. Colección Teología |
||
| 999 |
_a267.602 I35 1995 _wDEWEY _c1 _iFJ03730 _f2022-2-4 _g4 _lCCODEBUJ1 _mBUJ _p5.00 _r0 _sY _tBOOK _u2016-11-3 _xBIBLIOTECA _zUNKNOWN _0COMPRA _o.STAFF. Colección General Juliaca |
||
| 980 |
_81 _gALBERTO SANCHEZ Responsable de Automatización |
||